000 00738akm a2200313a 44500
008 960109s1990-1999 cat
041 _acat
041 _bspa
080 _a635.9(038)
110 _aBarcelona. Mercabarna
_964831
245 _aMercat central de la flor
245 _cBarcelona. Mercabarna.
245 _h[cartell]
260 _a[Barcelona]
260 _bMercabarna
260 _c1990-1999
300 _bil.
520 _a55
591 _a6783
592 _aObra terminològica
593 _aFH
594 _a6783
650 _afloricultura
_964860
901 _c[<199->?]
902 _a960109
942 _cMO
_n0
999 _c54001
_d54001